| 000 | 00872nam a2200229 a 4500 | ||
|---|---|---|---|
| 001 | 000037335 | ||
| 005 | 20200930080310.0 | ||
| 008 | 120328s1994 sp a 001 0 spa d | ||
| 020 | _a8400073762 | ||
| 040 |
_aDO-SdBNP _bspa |
||
| 041 | 1 | 7 | _aeng |
| 245 | 0 | 0 |
_aTrace element analytical chemistry in medicine and biology / _ceditors: Peter Bräter, Bartolomé Ribas, Peter Schramel. |
| 260 |
_aMadrid : _bConsejo Superior de Investigaciones Científicas, _c1994. |
||
| 300 |
_av. (XIII, 500 p. ) : _bil. ; _c25 cm. |
||
| 500 | _aIncluye índice | ||
| 500 | _aLa biblioteca posee el v. 6 | ||
| 504 | _aIncluye referencias bibliográficas y notas al pie de las páginas | ||
| 700 | 1 |
_aBrätter, Peter _eed. _963802 |
|
| 700 | 1 |
_aSchramel, Peter _eed. _963803 |
|
| 700 | 1 |
_aRibas, Bartolomé _eed. _963804 |
|
| 710 | 2 |
_aConsejo Superior de Investigaciones Científicas, _94786 |
|
| 999 |
_c36825 _d36825 |
||